000 00337nam a2200133Ia 4500
005 20251222155104.0
008 251222s9999||||xx |||||||||||||| ||spa||
082 _aSOC. 07
100 _aVILLAREJO Antonio.
245 0 _aEl Matrimonio y la Familia en la Familiaris
250 _a1ra. ed.
264 _bEdiciones Paulinas
942 _cLIB
999 _c37771
_d37771